| 000 | 02095nam a2200385 i 4500 | ||
|---|---|---|---|
| 001 | 000030204 | ||
| 003 | DO-SdBNP | ||
| 005 | 20260325092010.0 | ||
| 006 | a||||fr|||| 00| 0 | ||
| 007 | ta | ||
| 008 | 110504e2007 dr ab r 000 0 spa d | ||
| 040 |
_aDO-SdBNP _bspa _cBNPHU _erda |
||
| 041 | _aspa | ||
| 082 | 4 |
_a347.729301 _bR426d 2007 _222 |
|
| 110 |
_aRepública Dominicana. _bSuprema Corte de Justicia _97906 |
||
| 245 | 1 | 0 |
_aDirectorio judicial dominicano / _cpresentación, Jorge A. Subero Isa ; editor, Dilenia Lorenzo, Altagracia Núñez, José Pérez N. |
| 250 | _aSegunda edición | ||
| 264 | 1 |
_aSanto Domingo : _bSuprema Corte de Justicia, _c2007. |
|
| 300 |
_a171 páginas : _bilustraciones, mapa ; _c21 cm. |
||
| 336 |
_2rdacontent _atexto _btxt |
||
| 337 |
_2rdamedia _asin mediación _bn |
||
| 338 |
_2rdacarrier _avolumen _bnc |
||
| 500 | _aIncluye glosario. | ||
| 505 | 0 | _aDepartamento Judicial de Barahona.-- Departamento Judicial del Distrito Nacional.-- Departamento Judicial de la Vega.-- Departamento Judicial de Montecristi.-- Departamento Judicial de San Cristóbal.-- Departamento Judicial de San Francisco de Macorís.-- Departamento Judicial de San Juan de la Maguana.-- Departamento Judicial de San Pedro de Macorís.-- Departamento Judicial de Santiago.-- Departamento Judicial de la Provincia de Santo Domingo.-- Directorio de Registradores de Títulos.--. Directorio de los encargados Administrativos a nivel nacional.-- Directorio de Correos Electrónicos.--Glosario.-- Anexo.-- Mapa Tribunal Superior de Tierras. | |
| 590 | _aInventariado 2024 / MF | ||
| 650 | 0 |
_aPoder judicial _xDirectorio _yRepública Dominicana _9556 |
|
| 650 | 4 |
_2República Dominicana _xDirectorio Judicial _986084 |
|
| 700 | 1 | 4 |
_aSubero Isa, Jorge A., _d1947- _976863 _eprologuista |
| 700 | 1 | 4 |
_aLorenzo, Dilenia, _986081 _eeditor |
| 700 | 1 | 4 |
_aNúñez, Altagracia, _986082 _eeditor |
| 700 | 4 |
_aPérez N., José, _986083 _eeditor |
|
| 700 | 1 | 4 |
_aCentro de Documentación e Información Judicial Dominicano _986085 |
| 910 | _aValidado. Control de Calidad/MAA | ||
| 942 |
_2ddc _cLBS1 |
||
| 999 |
_c29696 _d29696 |
||